00678nam a2200169Ia 4500008004000000020001800040082001700058100001500075245004000090260003700130300000700167690001800174906001100192999001700203952014400220952014400364210210b1992 xxu||||| |||| 00| 0 eng d a81 7201 122 9 a891.462 SOPY aSOPHOCLES. aYadip raja. Tr by Pandurang Bhangi. aNew Delhi.bSahity Akademic1992 a31 aKonkani Drama a050504 c98858d98858 001040708Konkani LiteratureaALbALcKonkani Literatured2021-02-17g45.00l0o891.462 SOPYp050504r2021-02-17 00:00:00w2021-02-17yBK 001040708Konkani LiteratureaALbALcKonkani Literatured2021-02-17g45.00l0o891.462 SOPYp050505r2021-02-17 00:00:00w2021-02-17yBK